header

Anthropologists in the field (Record no. 146046)

MARC details
000 -LEADER
fixed length control field 01415nam a2200361Ia 4500
082 04 - DEWEY DECIMAL CLASSIFICATION NUMBER
Classification number 305.800723
245 00 - TITLE STATEMENT
Title Anthropologists in the field
260 ## - PUBLICATION, DISTRIBUTION, ETC. (IMPRINT)
Place of publication New York N.Y. ;
-- Chichester :
Name of publisher Columbia University Press,
Year of publication 2004.
300 ## - PHYSICAL DESCRIPTION
Number of Pages xxvii, 265 p. :
Other physical details ill., map.
650 #0 - SUBJECT ADDED ENTRY--TOPICAL TERM
Topical Term Participant observation.
Topical Term Ethnology
Topical Term Ethnology
Topical Term Anthropological ethics.
700 1# - ADDED ENTRY--PERSONAL NAME
Personal name Hume, Lynne.
Personal name Mulcock, Jane.
856 40 - ELECTRONIC LOCATION AND ACCESS
Uniform Resource Identifier http://site.ebrary.com/lib/rucke/Doc?id=10183404

No items available.

© 2026 Rongo University
Contact us: librarian | system librarian | Rongo university